Y học phổ thông dành cho mọi người : Chuyên đề tư âm bổ thận
Chuyên đề bao gồm các nội dung: thế nào là tráng dương & tư âm; thiên vương bổ tâm đan, một bài thuốc quý; thảo dược bổ thận cường âm cho phụ nữ;...
Bewaard in:
| Hoofdauteur: | |
|---|---|
| Andere auteurs: | , |
| Formaat: | Boek |
| Taal: | Vietnamese |
| Gepubliceerd in: |
Tp. Hồ Chí Minh
Thanh niên
2013
|
| Onderwerpen: | |
| Tags: |
Voeg label toe
Geen labels, Wees de eerste die dit record labelt!
|
| Thư viện lưu trữ: | Thư viện Trường Đại học Nam Cần Thơ |
|---|
| LEADER | 01242nam a2200265 4500 | ||
|---|---|---|---|
| 001 | NCT_121071 | ||
| 008 | 170928b xxu||||| |||| 00| 0 vie d | ||
| 999 | |c 6195 |d 6195 | ||
| 020 | |c 18000 | ||
| 041 | |a vie | ||
| 082 | 0 | 4 | |2 23rd ed. |a 610 |b T121 |
| 100 | 1 | |a Hoàng Duy Tân |e Chủ biên | |
| 245 | 1 | 0 | |a Y học phổ thông dành cho mọi người : |b Chuyên đề tư âm bổ thận |p |c Hoàng Duy Tân, Nguyễn Công Đức, Phạm Khắc Trí (Chủ biên) |
| 260 | |a Tp. Hồ Chí Minh |b Thanh niên |c 2013 | ||
| 300 | |c 26cm | ||
| 310 | |a Hàng tháng | ||
| 362 | |a 2013 | ||
| 520 | 3 | |a Chuyên đề bao gồm các nội dung: thế nào là tráng dương & tư âm; thiên vương bổ tâm đan, một bài thuốc quý; thảo dược bổ thận cường âm cho phụ nữ;... | |
| 653 | |a Y đa khoa | ||
| 655 | |a Tạp chí | ||
| 700 | 1 | |a Nguyễn Công Đức |e Chủ biên | |
| 700 | 1 | |a Phạm Khắc Trí |e Chủ biên | |
| 942 | |2 ddc |c CR | ||
| 952 | |0 0 |1 0 |2 ddc |4 0 |6 610_000000000000000_T121 |7 0 |9 23710 |a 000001 |b 000001 |d 2022-05-09 |o 610 T121 |r 2022-05-09 |w 2022-05-09 |y CR | ||
| 980 | |a Thư viện Trường Đại học Nam Cần Thơ | ||